| 000 | 00623nam a2200181 a 4500 | ||
|---|---|---|---|
| 001 | 58102 | ||
| 005 | 20180714054553.0 | ||
| 008 | 140415s1976 xxu 000 0 spa d | ||
| 041 | _aspa | ||
| 082 |
_a294.5 _bSRI |
||
| 245 | 0 | 0 |
_aSRIMAD BHAGAVATAM : _bPRIMER CANTO-CAPITULOS 12-15 |
| 260 |
_aESTADOS UNIDOS DE AMERICA : _bINDETERMINADO, _c1976 |
||
| 300 |
_a303 _c14 x 2.4 x 21.6 |
||
| 490 | _aCOL. ARCHIVO MOTOLINIA | ||
| 650 | 1 | 4 |
_aAC BHAKTIVEDANTA SWAMI PRABHUPADA, 1896 _x1977. _xVEDAS _xHARE KRISHNA _xRELIGION |
| 700 | 1 |
_aALEJANDRO CASTILLO _etr. |
|
| 740 | _aSCRIMAD-BHAGAVATAM, FIRST CANTO, CREATION | ||
| 999 |
_c58102 _d58102 |
||